000 01077nam a2200277 a 4500
001 BRCA_3778
005 20190320204424.0
008 071109s1832----mx-a---###---#000-0#spa-#
041 _aspa
044 _amx
050 4 _aF1219.3
_b.L57
_c1832
100 1 _aLeón y Gama, Antonio
_d1735-1802.
_99848
245 1 0 _aDescripción histórica y cronológica de las dos piedras, que con ocasión del nuevo empedrado que se está formando en la plaza principal de México se hallaron en ella el año de 1790
_cpor Don Antonio de León y Gama ; con notas... de Carlos María de Bustamante.
250 _a2
260 _aMéxico
_bAlejandro Valdés
_c1832
300 _aviii, 148 p.
_bil. , 5 láminas plegables
_c20 cm.
500 _aB137
650 1 4 _aCalendario Mexicano.
_98542
650 1 4 _aAztecas.
_92396
650 1 4 _aIndios de México
_xAntigüedades.
_99849
650 1 4 _aIndios de México
_eReligión y Mitología.
_99850
650 1 4 _aMéxico
_eHistoria
_yHasta 1519.
_99851
700 1 _aBustamante, Carlos María de
_d1774-1848.
_9555
902 _aGFM
942 _2lcc
_cB
999 _c3507
_d3507